00667nam a22002297a 450000500170000001000130001702000100003003500130004003700160005304000120006908200210008110000290010224500630013124600460019426000460024027000160028630000200030265000230032265000380034565000240038365000300040720170123162320.0 aA-441437 c50.00 aA-441437 bCen Lib/Ret aDPLbUR a841.08bف ا ر aفاروقی، ساقی  aباز گشت و باز یافت /c ساقی فاروقی aBaz gusht-o-baz yafat /bby Saqi Farooqi  aکراچی bمکتبہ اسلوب c1987 bکراچی  a199p.c21cm(Hb) a ادب - اردو a اردو شاعری - تنقید aLiterature -- Urdu  aUrdu poetry -- Criticism